Mandatos de presidentes brasileiros - com limite de erros! - Statistics

Estatísticas Gerais
  • Esse quiz foi jogado 48 vezes
  • A pontuação média é 5 de 10
Estatísticas das Respostas
Presidente Mandato % Correto
Luis Inácio Lula da Silva 2003-2011, 2023-
100%
Dilma Rousseff 2011-2016
100%
Jair Bolsonaro 2019-2023
100%
Michel Temer 2016-2019
92%
Fernando Collor 1990-1992
90%
Ernesto Geisel 1974-1979
86%
Getúlio Vargas 1930-1945, 1951-1954
83%
João Goulart 1961-1964
78%
Washington Luís 1926-1930
71%
Floriano Peixoto 1891-1894
67%
Costa e Silva 1967-1969
67%
José Sarney 1985-1990
67%
Garrastazu Médici 1969-1974
63%
Fernando Henrique Cardoso 1995-2003
62%
Castello Branco 1964-1967
60%
Gaspar Dutra 1946-1951
50%
Café Filho 1954-1955
50%
Nereu Ramos 1955-1956
50%
Ranieri Mazzilli 1961, 1964
45%
Epitácio Pessoa 1919-1922
43%
Juscelino Kubitschek 1956-1961
43%
Venceslau Brás 1914-1918
40%
Carlos Luz 1955
40%
João Figueiredo 1979-1985
40%
Rodrigues Alves 1902-1906
33%
Arthur Bernardes 1922-1926
33%
Campos Salles 1898-1902
31%
Jânio Quadros 1961
31%
Deodoro da Fonseca 1889-1891
29%
Delfim Moreira 1918-1919
29%
Itamar Franco 1992-1995
29%
Prudente de Moraes 1894-1898
27%
Junta Governativa Provisória 1930
25%
Nilo Peçanha 1909-1910
20%
Hermes da Fonseca 1910-1914
20%
Affonso Penna 1906-1909
14%
Junta Militar 1969
0%
Nenhum quiz correspondente encontrado
Distribuição das Pontuações
Porcentagem de Pessoas com Cada Pontuação
Percentil de Números Respondidos
Sua Pontuação Histórica
Você não jogou esse quiz